Statistieken voor Can you name all balloons in BTD6?

Klik hier om de quiz te nemen!

Algemene statistieken

  • Deze quiz is 130 keer genomen
  • De gemiddelde score is 19 van 23

Antwoordstatistieken

HintAntwoord% Correct
Its a balloonBlue
100%
Its a balloonRed
100%
Its a balloonYellow
100%
Its a balloonGreen
99%
Its a balloonMOAB
98%
Its a balloonBlack
95%
Its a balloonPink
94%
Its a balloonWhite
94%
Its a balloonZOMG
94%
Its a balloonBAD
93%
Its a balloonceramic
91%
Its a balloonBFB
89%
Its a balloonLead
88%
Its a balloonDDT
86%
Its a balloonRainbow
85%
Its a balloonZebra
83%
Its a balloonBloonarius
72%
Its a balloonPurple
72%
Its a balloonLych
68%
Its a balloonVortex
63%
Its a balloonPhayze
59%
Its a balloonTest
57%
Its a balloonDreadbloon
20%

Scoreverdeling

Percentiel versus Aantal Correcte Antwoorden

Procent van Mensen met Elke Score

Uw Scoregeschiedenis

U heeft deze quiz nog niet genomen